Statistics for Word Scramble - English Counties

Click here to take the quiz!

General Stats

  • This quiz has been taken 61 times
  • The average score is 10 of 15

Answer Stats

Answer% Correct
Kent
100%
Warwickshire
100%
Suffolk
83%
Bedfordshire
75%
Durham
75%
Shropshire
75%
Cheshire
67%
Hertfordshire
67%
Northumberland
67%
Rutland
67%
Cumbria
60%
Devon
60%
Lincolnshire
60%
Merseyside
60%
Surrey
60%
Buckinghamshire
50%
Dorset
50%
Essex
50%
Lancashire
50%
Leicestershire
50%
Norfolk
50%
Staffordshire
50%
Wiltshire
50%
Worcestershire
50%
Berkshire
33%
Gloucestershire
33%
Hampshire
33%
Cambridgeshire
25%
Derbyshire
25%
Herefordshire
25%
Northamptonshire
20%
Oxfordshire
20%
Somerset
20%
Cornwall
0%
Nottinghamshire
0%

Score Distribution

Percentile by Number Answered

Percent of People with Each Score

Your Score History

You have not taken this quiz